[Event "Venice Province-ch 71st"]
[Site "Venice Mestre"]
[Date "2011.01.15"]
[Round "3"]
[White "Bellon, Antonio"]
[Black "Gabassi, Cristina"]
[Result "1-0"]
[WhiteElo "1533"]
[BlackElo "1628"]
[PlyCount "107"]
[EventDate "2011.01.14"]
[EventType "swiss"]
[EventRounds "5"]
[EventCountry "ITA"]
[SourceTitle "EXT 2022"]
[Source "ChessBase"]
[SourceDate "2021.10.06"]
[SourceVersion "1"]
[SourceVersionDate "2021.10.06"]
[SourceQuality "1"]

1. e4 d5 2. exd5 Qxd5 3. Nc3 Qa5 4. Nf3 Nf6 5. Bc4 Bg4 6. d3 c6 7. 0-0 e6 8. Re1 Be7 9. Bd2 Qd8 10. Ne4 0-0 11. h3 Bh5 12. Ng3 Bg6 13. Nh4 Nbd7 14. Nxg6 hxg6 15. Bc3 Nb6 16. Bb3 Nbd5 17. Be5 Bd6 18. Qf3 Qc7 19. Bxd6 Qxd6 20. Ne4 Qc7 21. Nxf6+ Nxf6 22. Re3 Nd5 23. Re4 Rae8 24. Rae1 Re7 25. h4 Rfe8 26. c3 b5 27. Qh3 a5 28. Bd1 e5 29. g3 f5 30. R4e2 b4 31. h5 gxh5 32. Qxh5 Qd7 33. f3 bxc3 34. Rh2 Nf6 35. Bb3+ Nd5 36. Qh8+ Kf7 37. Qh5+ Kf8 38. bxc3 Qe6 39. Rhe2 Qf6 40. c4 Nc7 41. Rh2 Rd7 42. f4 Rxd3 43. fxe5 Rxg3+ 44. Kf1 Rxe5 45. Rxe5 Qxe5 46. Qh8+ Kf7 47. c5+ Nd5 48. Qh5+ Kf6 49. Qh4+ Rg5 50. Re2 Qa1+ 51. Re1 Ne3+ 52. Ke2 Qe5 53. Kf3 Ng2 54. Qxg5+ 1-0

[Event "Udine Oro Caffe op 3rd"]
[Site "Udine"]
[Date "2010.07.10"]
[Round "6"]
[White "Pagnutti, Lorenzo"]
[Black "Gabassi, Cristina"]
[Result "1-0"]
[WhiteElo "2095"]
[BlackElo "1621"]
[PlyCount "65"]
[EventDate "2010.07.05"]
[EventType "swiss"]
[EventRounds "7"]
[EventCountry "ITA"]
[SourceTitle "EXT 2024"]
[Source "ChessBase"]
[SourceDate "2023.10.10"]
[SourceVersion "1"]
[SourceVersionDate "2023.10.10"]
[SourceQuality "1"]

1. e4 d5 2. exd5 Qxd5 3. Nc3 Qa5 4. Nf3 Nf6 5. Bc4 c6 6. 0-0 Bf5 7. d4 e6 8. Bd2 Qc7 9. Re1 Be7 10. Ne2 0-0 11. Ng3 Bg6 12. Ne5 Nbd7 13. Nxg6 hxg6 14. c3 Rfe8 15. Qc2 Nd5 16. Rad1 N7b6 17. Bf1 c5 18. dxc5 Bxc5 19. Ne4 Be7 20. Bc1 Nf6 21. g3 Nxe4 22. Qxe4 Nd5 23. Bg2 b6 24. Qa4 Rad8 25. Bxd5 exd5 26. Rxd5 Qb7 27. Rde5 Kf8 28. b3 Rd7 29. Ba3 f6 30. R5e3 Kg8 31. Qc4+ Kf8 32. Qg4 f5 33. Qf4 1-0

[Event "Udine Oro Caffe op 3rd"]
[Site "Udine"]
[Date "2010.07.09"]
[Round "5"]
[White "Gabassi, Cristina"]
[Black "Varini, Massimo"]
[Result "0-1"]
[WhiteElo "1621"]
[BlackElo "2076"]
[PlyCount "62"]
[EventDate "2010.07.05"]
[EventType "swiss"]
[EventRounds "7"]
[EventCountry "ITA"]
[SourceTitle "EXT 2024"]
[Source "ChessBase"]
[SourceDate "2023.10.10"]
[SourceVersion "1"]
[SourceVersionDate "2023.10.10"]
[SourceQuality "1"]

1. e4 e5 2. Nf3 d6 3. Nc3 Nf6 4. Be2 Be7 5. 0-0 Nc6 6. d4 exd4 7. Nxd4 0-0 8. Nxc6 bxc6 9. f4 Re8 10. Bf3 d5 11. e5 Nd7 12. b3 Rb8 13. Bb2 Nf8 14. Bg4 Ba6 15. Rf3 Bc5+ 16. Kh1 Ng6 17. Na4 Bf8 18. Qe1 Rb4 19. Qg3 Be2 20. Rf2 Bxg4 21. Qxg4 Nxe5 22. Qg3 Nd7 23. Raf1 Rbe4 24. Qc3 Qh4 25. Kg1 R8e6 26. Qa5 Rh6 27. g3 Qh3 28. Qxc7 Re3 29. Rg2 Nc5 30. Nxc5 Bxc5 31. Qb8+ Re8+ 0-1

[Event "Udine Oro Caffe op 3rd"]
[Site "Udine"]
[Date "2010.07.07"]
[Round "3"]
[White "Gabassi, Cristina"]
[Black "Zavagno, Matteo"]
[Result "1-0"]
[WhiteElo "1621"]
[BlackElo "1524"]
[PlyCount "97"]
[EventDate "2010.07.05"]
[EventType "swiss"]
[EventRounds "7"]
[EventCountry "ITA"]
[SourceTitle "EXT 2024"]
[Source "ChessBase"]
[SourceDate "2023.10.10"]
[SourceVersion "1"]
[SourceVersionDate "2023.10.10"]
[SourceQuality "1"]

1. e4 e6 2. d4 d5 3. exd5 exd5 4. Nf3 Nf6 5. Bd3 Bg4 6. Bg5 Nc6 7. c3 Qe7+ 8. Be3 0-0-0 9. 0-0 Qd7 10. Nbd2 h5 11. Qc2 g6 12. Bg5 Be7 13. b4 Nh7 14. Bxe7 Qxe7 15. Rfe1 Qf6 16. a4 Ng5 17. Nxg5 Qxg5 18. b5 Bh3 19. g3 Na5 20. Re5 Qf6 21. Rae1 h4 22. R1e3 Bg4 23. Nb3 hxg3 24. Rxg3 Qh4 25. f3 Nxb3 26. fxg4 Na5 27. Rg2 Rhe8 28. Qe2 Qh8 29. Rf2 Rxe5 30. Qxe5 Qxe5 31. dxe5 Nc4 32. Bxc4 dxc4 33. Rxf7 Rd3 34. Rf8+ Kd7 35. Rf7+ Ke6 36. Rxc7 Rxc3 37. Rxb7 Rb3 38. Rxa7 c3 39. Rc7 Rb1+ 40. Kf2 Rb2+ 41. Ke3 c2 42. Kd2 Ra2 43. Rxc2 Rxa4 44. Rc6+ Kxe5 45. Rxg6 Ra2+ 46. Kc3 Rxh2 47. b6 Rh8 48. Kb4 Kd5 49. Kb5 1-0

[Event "Udine Oro Caffe op 2nd"]
[Site "Udine"]
[Date "2009.07.10"]
[Round "5"]
[White "Gabassi, Cristina"]
[Black "Miseri, Paolo"]
[Result "1/2-1/2"]
[WhiteElo "1635"]
[BlackElo "1488"]
[PlyCount "70"]
[EventDate "2009.07.06"]
[EventType "swiss"]
[EventRounds "7"]
[EventCountry "ITA"]
[SourceTitle "EXT 2011"]
[Source "ChessBase"]
[SourceDate "2010.11.26"]
[SourceVersion "1"]
[SourceVersionDate "2010.11.26"]
[SourceQuality "1"]

1. e4 e5 2. Nf3 d6 3. Nc3 Bg4 4. Be2 Nf6 5. 0-0 Be7 6. d4 exd4 7. Nxd4 Bxe2 8. Qxe2 0-0 9. f4 c6 10. Rf3 Re8 11. Rh3 h6 12. g4 Qd7 13. f5 Nh7 14. Bf4 Bg5 15. Qe3 Qe7 16. Nf3 Bxf4 17. Qxf4 Na6 18. Re1 f6 19. Rg3 Nc5 20. h4 Nd7 21. g5 fxg5 22. hxg5 hxg5 23. Nxg5 Nxg5 24. Rxg5 Rf8 25. Qh4 Ne5 26. Re3 Qf6 27. Rh3 Kf7 28. Qh5+ Ke7 29. Rgg3 Rf7 30. Qe2 Raf8 31. Rh7 g6 32. Rxf7+ Rxf7 33. fxg6 Nxg6 34. Nd1 Ne5 35. Kg2 Rg7 1/2-1/2

[Event "Udine Oro Caffe op 1st"]
[Site "Udine"]
[Date "2008.07.07"]
[Round "3"]
[White "Zuttioni, Federico"]
[Black "Gabassi, Cristina"]
[Result "1-0"]
[WhiteElo "1746"]
[BlackElo "1530"]
[PlyCount "51"]
[EventDate "2008.07.05"]
[EventType "swiss"]
[EventRounds "6"]
[EventCountry "ITA"]
[SourceTitle "EXT 2010"]
[Source "ChessBase"]
[SourceDate "2010.11.25"]
[SourceVersion "1"]
[SourceVersionDate "2010.11.25"]
[SourceQuality "1"]

1. e4 d5 2. exd5 Qxd5 3. Nc3 Qa5 4. d4 c6 5. Bd3 Nf6 6. h3 e6 7. Nf3 Bb4 8. Bd2 Bd7 9. 0-0 0-0 10. Ne5 Qd8 11. Bg5 Bxc3 12. bxc3 h6 13. Bh4 g5 14. Bg3 Kg7 15. f4 Nd5 16. Qh5 Nf6 17. Qe2 Be8 18. fxg5 hxg5 19. Rxf6 Qxf6 20. Ng4 Qe7 21. Be5+ f6 22. Qe4 Kg8 23. Nxf6+ Rxf6 24. Bxf6 Qc7 25. Qg4 Qf4 26. Qxe6+ 1-0